<?xml version="1.0" encoding="UTF-8"?>
<collection xmlns="http://www.loc.gov/MARC21/slim">
 <record>
  <leader>04821nam a22009977i 4500</leader>
  <controlfield tag="001">000725465</controlfield>
  <controlfield tag="003">CZ-PrVSE</controlfield>
  <controlfield tag="005">20250728105734.0</controlfield>
  <controlfield tag="007">ta</controlfield>
  <controlfield tag="008">250711s2009    xr a   fr     000 0 cze d</controlfield>
  <datafield tag="015" ind1=" " ind2=" ">
   <subfield code="a">cnb001867628</subfield>
  </datafield>
  <datafield tag="020" ind1=" " ind2=" ">
   <subfield code="a">978-80-7035-412-4</subfield>
   <subfield code="q">(vázáno)</subfield>
  </datafield>
  <datafield tag="035" ind1=" " ind2=" ">
   <subfield code="a">(OCoLC)432999248</subfield>
  </datafield>
  <datafield tag="035" ind1=" " ind2=" ">
   <subfield code="a">(OCoLC)433011491</subfield>
  </datafield>
  <datafield tag="040" ind1=" " ind2=" ">
   <subfield code="a">ABA006</subfield>
   <subfield code="b">cze</subfield>
   <subfield code="c">ABA006</subfield>
   <subfield code="d">ABA006</subfield>
   <subfield code="e">rda</subfield>
  </datafield>
  <datafield tag="041" ind1="1" ind2=" ">
   <subfield code="a">cze</subfield>
   <subfield code="a">eng</subfield>
   <subfield code="a">fre</subfield>
   <subfield code="a">ger</subfield>
   <subfield code="a">ita</subfield>
   <subfield code="h">cze</subfield>
  </datafield>
  <datafield tag="072" ind1=" " ind2="7">
   <subfield code="a">72/76</subfield>
   <subfield code="x">Výtvarné umění</subfield>
   <subfield code="2">Konspekt</subfield>
   <subfield code="9">21</subfield>
  </datafield>
  <datafield tag="072" ind1=" " ind2="9">
   <subfield code="a">701-770</subfield>
   <subfield code="x">Fine and decorative arts</subfield>
   <subfield code="2">Conspectus</subfield>
   <subfield code="9">21</subfield>
  </datafield>
  <datafield tag="080" ind1=" " ind2=" ">
   <subfield code="a">72/76</subfield>
   <subfield code="2">MRF_2003</subfield>
  </datafield>
  <datafield tag="080" ind1=" " ind2=" ">
   <subfield code="a">72/76(437.3)</subfield>
   <subfield code="2">MRF_2003</subfield>
  </datafield>
  <datafield tag="080" ind1=" " ind2=" ">
   <subfield code="a">72/76(4)</subfield>
   <subfield code="2">MRF_2003</subfield>
  </datafield>
  <datafield tag="080" ind1=" " ind2=" ">
   <subfield code="a">7.036/.038</subfield>
   <subfield code="2">MRF_2003</subfield>
  </datafield>
  <datafield tag="080" ind1=" " ind2=" ">
   <subfield code="a">72/76:069.5</subfield>
   <subfield code="2">MRF_2003</subfield>
  </datafield>
  <datafield tag="080" ind1=" " ind2=" ">
   <subfield code="a">(437.3)</subfield>
   <subfield code="2">MRF_2003</subfield>
  </datafield>
  <datafield tag="080" ind1=" " ind2=" ">
   <subfield code="a">(4)</subfield>
   <subfield code="2">MRF_2003</subfield>
  </datafield>
  <datafield tag="080" ind1=" " ind2=" ">
   <subfield code="a">(437.311)</subfield>
   <subfield code="2">MRF_2003</subfield>
  </datafield>
  <datafield tag="080" ind1=" " ind2=" ">
   <subfield code="a">(084.11)</subfield>
   <subfield code="2">MRF_2003</subfield>
  </datafield>
  <datafield tag="099" ind1=" " ind2="9">
   <subfield code="a">72KNÍ</subfield>
  </datafield>
  <datafield tag="110" ind1="2" ind2=" ">
   <subfield code="a">Národní galerie (Praha, Česko)</subfield>
   <subfield code="7">kn20010709071</subfield>
   <subfield code="4">aut</subfield>
  </datafield>
  <datafield tag="245" ind1="1" ind2="0">
   <subfield code="a">155 uměleckých děl 20. století z Národní galerie v Praze =</subfield>
   <subfield code="b">One hundred fifty-five artworks of the 20th century from the National Gallery in Prague = 155 œvres d'art du 20ème siècle de la Galerie nationale de Prague = 155 Kunstwerke des 20. Jahrhunderts aus der Nationalgalerie in Prag = 155 opere d'arte del XX secolo della Galleria Nazionale di Praga /</subfield>
   <subfield code="c">Milan Knížák, Tomáš Vlček (eds.) ; autoři Eva Bendová, Markéta Dlábková, Tomáš Drahoňovský, Helena Honcoopová, Milan Knížák, Zuzana Novotná, Blaguna Paskaleva, Lenka Pastýřiková, Vít Pelc, Anna Pravdová, Radomíra Sedláková, Lucie Šiklová, Olga Uhrová, Tomáš Vlček</subfield>
  </datafield>
  <datafield tag="246" ind1="3" ind2=" ">
   <subfield code="a">Sto padesát pět uměleckých děl 20. století z Národní galerie v Praze</subfield>
  </datafield>
  <datafield tag="246" ind1="3" ind2=" ">
   <subfield code="a">155 artworks of the 20th century from the National Gallery in Prague</subfield>
  </datafield>
  <datafield tag="246" ind1="3" ind2=" ">
   <subfield code="a">Cent cinquante-cinq œvres d'art du 20ème siècle de la Galerie nationale de Prague</subfield>
  </datafield>
  <datafield tag="246" ind1="3" ind2=" ">
   <subfield code="a">Hundertfünfundfünfzig Kunstwerke des 20. Jahrhunderts aus der Nationalgalerie in Prag</subfield>
  </datafield>
  <datafield tag="246" ind1="3" ind2=" ">
   <subfield code="a">Cento cinquanta cinque opere d'arte del XX secolo della Galleria Nazionale di Praga</subfield>
  </datafield>
  <datafield tag="246" ind1="3" ind2="1">
   <subfield code="a">One hundred fifty-five artworks of the 20th century from the National Gallery in Prague</subfield>
  </datafield>
  <datafield tag="246" ind1="3" ind2="1">
   <subfield code="a">155 œvres d'art du 20ème siècle de la Galerie nationale de Prague</subfield>
  </datafield>
  <datafield tag="246" ind1="3" ind2="1">
   <subfield code="a">155 Kunstwerke des 20. Jahrhunderts aus der Nationalgalerie in Prag</subfield>
  </datafield>
  <datafield tag="246" ind1="3" ind2="1">
   <subfield code="a">155 opere d'arte del XX secolo della Galleria Nazionale di Praga</subfield>
  </datafield>
  <datafield tag="264" ind1=" " ind2="1">
   <subfield code="a">V Praze :</subfield>
   <subfield code="b">Národní galerie,</subfield>
   <subfield code="c">2009</subfield>
  </datafield>
  <datafield tag="300" ind1=" " ind2=" ">
   <subfield code="a">335 stran :</subfield>
   <subfield code="b">barevné ilustrace</subfield>
  </datafield>
  <datafield tag="336" ind1=" " ind2=" ">
   <subfield code="a">text</subfield>
   <subfield code="b">txt</subfield>
   <subfield code="2">rdacontent</subfield>
  </datafield>
  <datafield tag="336" ind1=" " ind2=" ">
   <subfield code="a">statický obraz</subfield>
   <subfield code="b">sti</subfield>
   <subfield code="2">rdacontent</subfield>
  </datafield>
  <datafield tag="337" ind1=" " ind2=" ">
   <subfield code="a">bez média</subfield>
   <subfield code="b">n</subfield>
   <subfield code="2">rdamedia</subfield>
  </datafield>
  <datafield tag="338" ind1=" " ind2=" ">
   <subfield code="a">svazek</subfield>
   <subfield code="b">nc</subfield>
   <subfield code="2">rdacarrier</subfield>
  </datafield>
  <datafield tag="546" ind1=" " ind2=" ">
   <subfield code="a">Souběžný anglický, francouzský, německý a italský text</subfield>
  </datafield>
  <datafield tag="610" ind1="2" ind2="7">
   <subfield code="a">Národní galerie (Praha, Česko).</subfield>
   <subfield code="b">Sbírka moderního a současného umění</subfield>
   <subfield code="7">kn20030506002</subfield>
   <subfield code="2">czenas</subfield>
  </datafield>
  <datafield tag="648" ind1=" " ind2="7">
   <subfield code="a">20. století</subfield>
   <subfield code="7">ch460558</subfield>
   <subfield code="2">czenas</subfield>
  </datafield>
  <datafield tag="650" ind1="0" ind2="7">
   <subfield code="a">výtvarné umění</subfield>
   <subfield code="7">ph116708</subfield>
   <subfield code="2">czenas</subfield>
  </datafield>
  <datafield tag="650" ind1="0" ind2="7">
   <subfield code="a">české výtvarné umění</subfield>
   <subfield code="7">ph116865</subfield>
   <subfield code="2">czenas</subfield>
  </datafield>
  <datafield tag="650" ind1="0" ind2="7">
   <subfield code="a">evropské výtvarné umění</subfield>
   <subfield code="7">ph120080</subfield>
   <subfield code="2">czenas</subfield>
  </datafield>
  <datafield tag="650" ind1="0" ind2="7">
   <subfield code="a">moderní umění</subfield>
   <subfield code="7">ph115340</subfield>
   <subfield code="2">czenas</subfield>
  </datafield>
  <datafield tag="650" ind1="0" ind2="7">
   <subfield code="a">umělecké sbírky</subfield>
   <subfield code="7">ph135222</subfield>
   <subfield code="2">czenas</subfield>
  </datafield>
  <datafield tag="651" ind1=" " ind2="7">
   <subfield code="a">Česko</subfield>
   <subfield code="7">ge128065</subfield>
   <subfield code="2">czenas</subfield>
  </datafield>
  <datafield tag="651" ind1=" " ind2="7">
   <subfield code="a">Evropa</subfield>
   <subfield code="7">ge137210</subfield>
   <subfield code="2">czenas</subfield>
  </datafield>
  <datafield tag="651" ind1=" " ind2="7">
   <subfield code="a">Praha (Česko)</subfield>
   <subfield code="7">ge118011</subfield>
   <subfield code="2">czenas</subfield>
  </datafield>
  <datafield tag="653" ind1="0" ind2=" ">
   <subfield code="a">světové výtvarné umění</subfield>
  </datafield>
  <datafield tag="655" ind1=" " ind2="7">
   <subfield code="a">obrazové publikace</subfield>
   <subfield code="7">fd132947</subfield>
   <subfield code="2">czenas</subfield>
  </datafield>
  <datafield tag="648" ind1=" " ind2="9">
   <subfield code="a">20th century</subfield>
   <subfield code="2">eczenas</subfield>
  </datafield>
  <datafield tag="650" ind1="0" ind2="9">
   <subfield code="a">art</subfield>
   <subfield code="2">eczenas</subfield>
  </datafield>
  <datafield tag="650" ind1="0" ind2="9">
   <subfield code="a">Czech art</subfield>
   <subfield code="2">eczenas</subfield>
  </datafield>
  <datafield tag="650" ind1="0" ind2="9">
   <subfield code="a">European art</subfield>
   <subfield code="2">eczenas</subfield>
  </datafield>
  <datafield tag="650" ind1="0" ind2="9">
   <subfield code="a">modern art</subfield>
   <subfield code="2">eczenas</subfield>
  </datafield>
  <datafield tag="650" ind1="0" ind2="9">
   <subfield code="a">art collections</subfield>
   <subfield code="2">eczenas</subfield>
  </datafield>
  <datafield tag="651" ind1=" " ind2="9">
   <subfield code="a">Czechia</subfield>
   <subfield code="2">eczenas</subfield>
  </datafield>
  <datafield tag="651" ind1=" " ind2="9">
   <subfield code="a">Europe</subfield>
   <subfield code="2">eczenas</subfield>
  </datafield>
  <datafield tag="651" ind1=" " ind2="9">
   <subfield code="a">Prague (Czechia)</subfield>
   <subfield code="2">eczenas</subfield>
  </datafield>
  <datafield tag="655" ind1=" " ind2="9">
   <subfield code="a">pictorial works</subfield>
   <subfield code="2">eczenas</subfield>
  </datafield>
  <datafield tag="700" ind1="1" ind2=" ">
   <subfield code="a">Knížák, Milan,</subfield>
   <subfield code="d">1940-</subfield>
   <subfield code="7">jk01060827</subfield>
   <subfield code="4">edt</subfield>
   <subfield code="4">aut</subfield>
  </datafield>
  <datafield tag="700" ind1="1" ind2=" ">
   <subfield code="a">Vlček, Tomáš,</subfield>
   <subfield code="d">1941-</subfield>
   <subfield code="7">jk01150130</subfield>
   <subfield code="4">edt</subfield>
   <subfield code="4">aut</subfield>
  </datafield>
  <datafield tag="700" ind1="1" ind2=" ">
   <subfield code="a">Bendová, Eva,</subfield>
   <subfield code="d">1976-</subfield>
   <subfield code="7">xx0076089</subfield>
   <subfield code="4">aut</subfield>
  </datafield>
  <datafield tag="700" ind1="1" ind2=" ">
   <subfield code="a">Dlábková, Markéta,</subfield>
   <subfield code="d">1978-</subfield>
   <subfield code="7">xx0089899</subfield>
   <subfield code="4">aut</subfield>
  </datafield>
  <datafield tag="700" ind1="1" ind2=" ">
   <subfield code="a">Drahoňovský, Tomáš</subfield>
   <subfield code="4">aut</subfield>
  </datafield>
  <datafield tag="700" ind1="1" ind2=" ">
   <subfield code="a">Honcoopová, Helena,</subfield>
   <subfield code="d">1948-</subfield>
   <subfield code="7">jn20001005669</subfield>
   <subfield code="4">aut</subfield>
  </datafield>
  <datafield tag="700" ind1="1" ind2=" ">
   <subfield code="a">Novotná, Zuzana,</subfield>
   <subfield code="d">1956-</subfield>
   <subfield code="7">ola2007365145</subfield>
   <subfield code="4">aut</subfield>
  </datafield>
  <datafield tag="700" ind1="1" ind2=" ">
   <subfield code="a">Paskaleva, Blaguna</subfield>
   <subfield code="4">aut</subfield>
  </datafield>
  <datafield tag="700" ind1="1" ind2=" ">
   <subfield code="a">Pastýříková, Lenka</subfield>
   <subfield code="7">jx20070528054</subfield>
   <subfield code="4">aut</subfield>
  </datafield>
  <datafield tag="700" ind1="1" ind2=" ">
   <subfield code="a">Pelc, Vít</subfield>
   <subfield code="4">aut</subfield>
  </datafield>
  <datafield tag="700" ind1="1" ind2=" ">
   <subfield code="a">Pravdová, Anna,</subfield>
   <subfield code="d">1973-</subfield>
   <subfield code="7">jx20090310018</subfield>
   <subfield code="4">aut</subfield>
  </datafield>
  <datafield tag="700" ind1="1" ind2=" ">
   <subfield code="a">Sedláková, Radomíra,</subfield>
   <subfield code="d">1950-</subfield>
   <subfield code="7">jn20000620328</subfield>
   <subfield code="4">aut</subfield>
  </datafield>
  <datafield tag="700" ind1="1" ind2=" ">
   <subfield code="a">Šiklová, Lucie,</subfield>
   <subfield code="d">1964-</subfield>
   <subfield code="7">jx20110502013</subfield>
   <subfield code="4">aut</subfield>
  </datafield>
  <datafield tag="700" ind1="1" ind2=" ">
   <subfield code="a">Uhrová, Olga</subfield>
   <subfield code="7">jn20010309655</subfield>
   <subfield code="4">aut</subfield>
  </datafield>
  <datafield tag="993" ind1=" " ind2=" ">
   <subfield code="a">003802611</subfield>
  </datafield>
  <datafield tag="996" ind1=" " ind2=" ">
   <subfield code="1">PSTUD</subfield>
   <subfield code="3">E53041</subfield>
   <subfield code="4">N:P</subfield>
   <subfield code="5">3142374988</subfield>
   <subfield code="8">20250711</subfield>
   <subfield code="9">72KNÍ</subfield>
   <subfield code="f">81</subfield>
   <subfield code="l">UEP01</subfield>
   <subfield code="m">BOOK</subfield>
   <subfield code="q">Studovna Žižkov</subfield>
   <subfield code="t">na 1 měsíc</subfield>
   <subfield code="u">UEP01</subfield>
   <subfield code="w">20250807</subfield>
  </datafield>
 </record>
</collection>
